| 000 | 01081nam a2200265Ia 4500 | ||
|---|---|---|---|
| 003 | OSt | ||
| 005 | 20220925202837.0 | ||
| 006 | a|||||r|||| 00| 0 | ||
| 007 | ta | ||
| 008 | 220923b |||||||| |||| 00| 0 eng d | ||
| 020 | _cRs 70.00 | ||
| 037 |
_bDSE, DISS _cGeneral Book |
||
| 040 |
_aRTL _cRTL _beng |
||
| 041 |
_2eng _aeng |
||
| 082 | _aX9(M7:2):8DR.2.N80<--N71, M5/Th | ||
| 100 |
_aAGARWAL Pradeep _9264464 |
||
| 245 | 0 |
_aInvestigation into the relationship between size and profitability and persistendoy of profitability with special reference to textiles _bspinning and weaving and ohemioles industries in India. |
|
| 260 |
_aDelhi _bUniversity of Delhi _c1985 |
||
| 300 |
_aiv, 87p _ccm. |
||
| 490 | _aUniversity of Delhi, Commerce and Business (Faculty of-), Dissertation. Dissertation, University of Delhi, Commerce and Business (Faculty of- | ||
| 650 |
_a Textiles _9252858 |
||
| 650 | _aIndustrial Economics | ||
| 942 |
_hX9(M7:2):8DR.2.N80<--N71, M5/Th _cGB _2CC |
||
| 999 |
_c544350 _d544350 |
||